Score 0/30 Timer 10:00
0 Plays Today
% Correct
Honest Abe
98%
Tricky Dick
98%
Teddy
97.1%
Ike
97.1%
Father of His Country
94.1%
Jimmy
94.1%
Cool Cal
93.1%
Jack
90.2%
Handsome Frank
89.2%
Dubya
87.3%
Little Ben
82.4%
Gipper
80.4%
No Drama (his name)
77.5%
Chet
75.5%
Bubba
75.5%
% Correct
Boatman Jim
67.6%
Hero of New Orleans
65.7%
Apostle of Democracy
64.7%
Careful Dutchman
64.7%
Little Jemmy
52.9%
Mr. Nice Guy
52%
His Accidency
51%
Schoolmaster
50%
Great Engineer
48%
Old Buck
41.2%
His Fraudulency
39.2%
Uncle Jumbo
35.3%
Bulls*it (his name)
34.3%
General Mum
28.4%
Old Sink or Swim
27.5%
Remove Ads.
Support Sporcle.
Get the best of Sporcle when you Go Orange. This ad-free experience offers more features, more stats, and more fun while also helping to support Sporcle. Thank you for becoming a member.

You're not logged in!

Compare scores with friends on all Sporcle quizzes.
OR
Log In

Show Comments

Extras

Top Quizzes Today


Score Distribution

Your Account Isn't Verified!

In order to create a playlist on Sporcle, you need to verify the email address you used during registration. Go to your Sporcle Settings to finish the process.

Report this User

Report this user for behavior that violates our Community Guidelines.

Details: